| 000 | 01966nam0a2200433 4500 | ||
|---|---|---|---|
| 001 | RU\NLR\bibl\358961 | ||
| 005 | 20250621160016.0 | ||
| 010 |
_a5-215-01362-4 _9500 |
||
| 021 |
_aRU _b2002-54687 _92658 |
||
| 035 | _a(NLR Aleph) 000353588 | ||
| 090 |
_a291331 _c291331 |
||
| 100 | _a20030109d2002 |||y0rusy50 ca | ||
| 101 | 0 | _arus | |
| 102 | _aRU | ||
| 105 | _ay ||||||||| | ||
| 200 | 1 |
_aРоссия и Восток: контакты, взаимодействия (IX-XVII вв.) _fЛ. В. Машанова _gМ-во образования Рос. Федерации, Гос. ун-т упр. |
|
| 210 |
_aМ. _cГУУ _d2002 |
||
| 215 |
_a193 с. _d21 |
||
| 320 | _aБиблиогр. в примеч.: 170-192 | ||
| 607 |
_aРоссия _xВзаимоотношения с Азиатскими странами _z9 - 17 вв. _92282491 _3RU\NLR\auth\661367427 |
||
| 607 |
_aРоссия _xВзаимоотношения _yАзиатские страны _z9 - 17 вв. _92282489 _3RU\NLR\auth\661367426 |
||
| 607 |
_aАзиатские страны _xВзаимоотношения с Россией _z9 - 17 вв. _92282494 _3RU\NLR\auth\661367429 |
||
| 607 |
_aАзиатские страны _xВзаимоотношения _yРоссия _z9 - 17 вв. _92282493 _3RU\NLR\auth\661367428 |
||
| 610 | 0 | _aДревнерусско-восточные отношения - История | |
| 610 | 0 | _aДревняя Русь, история | |
| 610 | 0 | _aРоссия (до 1917 г.), история | |
| 610 | 0 | _aСтраны Востока, история | |
| 675 |
_a94(47+57)<08/16> _v3 _zrus |
||
| 686 |
_a03.19 _2rugasnti |
||
| 686 |
_a63.3(2)4 _2rubbk |
||
| 686 | _aТ3(2)4-64(5) | ||
| 686 | _aТ3(5)4-64(2) | ||
| 700 | 1 |
_aМашанова _bЛ. В. _gЛюдмила Васильевна _4070 |
|
| 801 | 0 |
_aRU _bRKP _c20030109 _gPSBO |
|
| 801 | 1 |
_aRU _bRKP _c20030109 |
|
| 801 | 2 |
_aRU _bNLR _c20030408 _grcr |
|
| 942 | _cBOOK | ||
| 980 | _aNB | ||